000 00402nam a22001577a 4500
999 _c3209
_d3209
003 OSt
005 20181030124419.0
008 181030b ||||| |||| 00| 0 eng d
040 _cDLC
082 _aREF 248.3
_bM821P
100 _aMoore, Beth
245 _aPraying God's Word /
_cBy Beth Moore.
260 _aNashville, Tennessee, USA :
_bB&H Publishers,
_c2000.
300 _a344 p.:
942 _2ddc
_cREF